GETTING STARTED IN HEDGE FUNDS (Record no. 17718)

MARC details
000 -LEADER
fixed length control field 00386nam a2200145Ia 4500
008 - FIXED-LENGTH DATA ELEMENTS--GENERAL INFORMATION
fixed length control field 240624s9999 xx 000 0 und d
041 ## - LANGUAGE CODE
Language code of text/sound track or separate title eng
082 ## - DEWEY DECIMAL CLASSIFICATION NUMBER
Classification number 332.64524 STA
100 ## - MAIN ENTRY--PERSONAL NAME
Personal name STRACHMAN DANIEL A
245 ## - TITLE STATEMENT
Title GETTING STARTED IN HEDGE FUNDS
250 ## - EDITION STATEMENT
Edition statement (3rd ed.)
260 ## - PUBLICATION, DISTRIBUTION, ETC.
Date of publication, distribution, etc. 2011
Place of publication, distribution, etc. New Jersey
Name of publisher, distributor, etc. John Wiley and Sons
300 ## - PHYSICAL DESCRIPTION
Extent xviii, : 185 : p. : cm. ; 23
365 ## - TRADE PRICE
Currency code
Price amount 27
Holdings
Withdrawn status Lost status Damaged status Not for loan Home library Current library Shelving location Date acquired Source of acquisition Cost, normal purchase price Total Checkouts Full call number Barcode Date last seen Date last checked out Copy number Price effective from Koha item type
        IMTN IMTN Rack 12-B 09/12/2011 BWE 19.95 1 332.64524 STA 17718 07/17/2025 07/07/2025 46.8 06/24/2024 Books
Designed & Maintained by: LRC IMT Nagpur Contact: lrc@imtnag.ac.in© 2024. All Rights Reserved.